000 00543nmm a2200157Ia 4500
008 251105s9999||||xx |||||||||||||||||und||
020 _a9789562846714
041 _aspa
100 _aBenítez, Hermes H.
245 0 _aLas muertes de Allende :
_b Una investigación crítica de las principales versiones de sus últimos momentos
264 _a[Santiago de Chile, Chile] :
_bRil editores,
_c2006
300 _a269 páginas
650 _aPolitical Science (General)
856 _uhttps://public.digitaliapublishing.com/a/18622
942 _cCF
999 _c94442
_d94442